[Event "RUS-chT rapid"]
[Site "Sochi"]
[Date "2019.10.19"]
[Round "9.3"]
[White "Cherednichenko, Dmitrij"]
[Black "Golubov, Saveliy"]
[Result "0-1"]
[WhiteElo "2275"]
[BlackElo "2469"]
[PlyCount "114"]
[EventDate "2019.10.18"]
[EventType "team-swiss (rapid)"]
[EventRounds "9"]
[EventCountry "RUS"]
[SourceTitle "CBM 192 Extra"]
[Source "Chessbase"]
[SourceDate "2019.11.06"]
[SourceVersion "1"]
[SourceVersionDate "2019.11.06"]
[SourceQuality "1"]
[WhiteTeam "Moscow Squad"]
[BlackTeam "Moscow Chess Transit"]
[WhiteTeamCountry "RUS"]
[BlackTeamCountry "RUS"]

1. d4 g6 2. c4 Nf6 3. Nc3 Bg7 4. e4 0-0 5. Nf3 d6 6. Be2 e5 7. 0-0 Nbd7 8. Qc2 exd4 9. Nxd4 Re8 10. Be3 a5 11. f3 Nc5 12. Rad1 Qe7 13. Rfe1 c6 14. Bf1 a4 15. b4 axb3 16. axb3 Ne6 17. Nde2 Bd7 18. b4 Ra3 19. Bc1 Raa8 20. Qd3 Red8 21. f4 Be8 22. Be3 Qc7 23. h3 h6 24. Kh1 Ra3 25. Qc2 Nf8 26. Bf2 g5 27. fxg5 hxg5 28. Qc1 Rb3 29. Qxg5 Ne6 30. Qd2 Rxb4 31. Nb5 Qa5 32. Ra1 Nxe4 33. Rxa5 Nxd2 34. Nbd4 Nxf1 35. Rxf1 Rxc4 36. Nf5 d5 37. Bb6 Rb8 38. Ne7+ Kh7 39. Ng3 Rb4 40. Be3 Be5 41. Ngf5 Ng7 42. Bc5 Nxf5 43. Nxf5 b6 44. Bxb4 bxa5 45. Bxa5 c5 46. Re1 f6 47. Ne7 d4 48. Kg1 c4 49. Nd5 Bf7 50. Nb4 Rb5 51. Nc6 Bg3 52. Rf1 Bd5 53. Be1 Rb2 54. Bxg3 Rxg2+ 55. Kh1 Rxg3+ 56. Kh2 Rg2+ 57. Kh1 Rf2+ 0-1

[Event "RUS-chT rapid"]
[Site "Sochi"]
[Date "2019.10.18"]
[Round "1.3"]
[White "Cherednichenko, Dmitrij"]
[Black "Potapov, Pavel"]
[Result "1/2-1/2"]
[WhiteElo "2275"]
[BlackElo "2489"]
[PlyCount "85"]
[EventDate "2019.10.18"]
[EventType "team-swiss (rapid)"]
[EventRounds "9"]
[EventCountry "RUS"]
[SourceTitle "CBM 192 Extra"]
[Source "Chessbase"]
[SourceDate "2019.11.06"]
[SourceVersion "1"]
[SourceVersionDate "2019.11.06"]
[SourceQuality "1"]
[WhiteTeam "Moscow Squad"]
[BlackTeam "Yamal Nenets Region"]
[WhiteTeamCountry "RUS"]
[BlackTeamCountry "RUS"]

1. d4 f5 2. c4 Nf6 3. Nf3 g6 4. g3 Bg7 5. b4 c6 6. Bb2 d5 7. Nbd2 Ne4 8. Bg2 a5 9. cxd5 cxd5 10. b5 a4 11. Rb1 Nd7 12. 0-0 0-0 13. Ne5 Nb6 14. Ndf3 Be6 15. Rc1 Qd6 16. a3 Rfc8 17. Ne1 Nc4 18. Nxc4 dxc4 19. Bxe4 fxe4 20. Qd2 Bd7 21. Nc2 Bxb5 22. Ne3 Rc7 23. d5 Bf6 24. Bxf6 exf6 25. Qd4 Rac8 26. Qxe4 c3 27. Rfe1 Kg7 28. Nc2 Bc4 29. Nb4 Bb3 30. Qd3 c2 31. e4 Rc3 32. Qd4 Qc5 33. Qd2 Qd6 34. f4 Qc5+ 35. Kg2 Rd8 36. Qf2 f5 37. Qxc5 Rxc5 38. exf5 gxf5 39. Kf2 b5 40. Re5 Kf6 41. Re6+ Kg7 42. Re5 Kf6 43. Re6+ 1/2-1/2

[Event "RUS-ch rapid"]
[Site "Sochi"]
[Date "2019.10.16"]
[Round "10"]
[White "Cherednichenko, Dmitrij"]
[Black "Potapov, Pavel"]
[Result "0-1"]
[WhiteElo "2223"]
[BlackElo "2489"]
[PlyCount "122"]
[EventDate "2019.10.15"]
[EventType "swiss"]
[EventRounds "11"]
[EventCountry "RUS"]
[SourceTitle "CBM 192 Extra"]
[Source "Chessbase"]
[SourceDate "2019.11.06"]
[SourceVersion "1"]
[SourceVersionDate "2019.11.06"]
[SourceQuality "1"]

1. d4 f5 2. c4 Nf6 3. g3 g6 4. b4 d6 5. Nf3 Bg7 6. Bb2 0-0 7. Bg2 Qe8 8. 0-0 c6 9. Nbd2 Na6 10. Qb3 Nc7 11. a4 Kh8 12. b5 Bd7 13. Rfe1 a6 14. b6 Ne6 15. e4 f4 16. e5 dxe5 17. Nxe5 fxg3 18. hxg3 Ng5 19. Qa3 Ng8 20. d5 cxd5 21. cxd5 Bh3 22. f4 Bxg2 23. Kxg2 Nf7 24. Ndf3 Rc8 25. Qd3 Nxe5 26. Nxe5 Nf6 27. Rh1 Kg8 28. d6 exd6 29. Qb3+ d5 30. Rac1 Qe6 31. Rc7 Rxc7 32. bxc7 Nd7 33. Re1 Bxe5 34. Qxb7 Nc5 35. Qa7 Nd3 36. Rxe5 Nxe5 37. Bxe5 Rc8 38. Qc5 Kf7 39. Kf2 Ke8 40. Ke3 Kd7 41. Kd4 Qc6 42. Qxd5+ Qxd5+ 43. Kxd5 Re8 44. g4 h5 45. f5 h4 46. f6 h3 47. Bd6 g5 48. a5 Rh8 49. Bh2 Re8 50. Bd6 Re2 51. Bg3 Re3 52. Bh2 Rf3 53. Ke5 Rf2 54. Bg3 h2 55. Bxh2 Rxh2 56. Kf5 Kxc7 57. Kxg5 Kd7 58. Kg6 Ke6 59. g5 Rg2 60. f7 Rf2 61. Kh6 Kxf7 0-1

[Event "St Petersburg Korchnoi Memorial op"]
[Site "St Petersburg"]
[Date "2019.08.15"]
[Round "2"]
[White "Tipikin, Ivan"]
[Black "Cherednichenko, Dmitrij"]
[Result "0-1"]
[WhiteElo "1859"]
[BlackElo "2285"]
[PlyCount "78"]
[EventDate "2019.08.14"]
[EventType "swiss"]
[EventRounds "9"]
[EventCountry "RUS"]
[SourceTitle "CBM 192"]
[Source "ChessBase"]
[SourceDate "2019.10.31"]
[SourceVersion "1"]
[SourceVersionDate "2019.10.31"]
[SourceQuality "1"]

1. d4 d5 2. Nf3 c5 3. c3 Nc6 4. Bf4 Nf6 5. e3 Qb6 6. Qb3 c4 7. Qxb6 axb6 8. Nbd2 b5 9. a3 b4 10. cxb4 Nxb4 11. Rc1 Nc6 12. Be2 b5 13. h3 Bf5 14. Nh4 Bd7 15. Nhf3 e6 16. 0-0 h6 17. Nb1 Ne4 18. Bd1 g5 19. Bh2 f6 20. Bc2 Nd6 21. Nfd2 Kf7 22. Nc3 b4 23. axb4 Nxb4 24. b3 Nb5 25. Nxb5 Bxb5 26. bxc4 dxc4 27. Be4 Ra4 28. Ra1 c3 29. Nb3 Be7 30. Rfc1 f5 31. Be5 Rd8 32. Bf3 c2 33. g4 Rxa1 34. Rxa1 Bc4 35. Nd2 Ba2 36. Be2 Rc8 37. Rc1 Bd5 38. Bd1 cxd1Q+ 39. Rxd1 Rc2 0-1

[Event "Voronezh op-A 23rd"]
[Site "Voronezh"]
[Date "2019.06.13"]
[Round "2"]
[White "Cherednichenko, Dmitrij"]
[Black "Dmitriev, Igor"]
[Result "1/2-1/2"]
[WhiteElo "2304"]
[BlackElo "2206"]
[PlyCount "106"]
[EventDate "2019.06.12"]
[EventType "swiss"]
[EventRounds "9"]
[EventCountry "RUS"]
[SourceTitle "EXT 2020"]
[Source "ChessBase"]
[SourceDate "2019.10.17"]
[SourceVersion "1"]
[SourceVersionDate "2019.10.17"]
[SourceQuality "1"]

1. d4 d6 2. e4 e6 3. Nf3 Nf6 4. Nc3 Be7 5. Bd3 Nc6 6. a3 a6 7. 0-0 e5 8. d5 Nb8 9. Ne2 Nbd7 10. b4 Nh5 11. c4 h6 12. Bb2 Nf8 13. c5 Ng6 14. cxd6 Bxd6 15. Ng3 Nxg3 16. fxg3 0-0 17. Nd2 a5 18. bxa5 Rxa5 19. Nc4 Ra7 20. Nxd6 cxd6 21. Qb3 h5 22. Bc1 h4 23. Be3 Ra8 24. gxh4 Nxh4 25. g3 Ng6 26. Qb6 Qe7 27. Rfc1 Bh3 28. a4 Rfc8 29. a5 Nf8 30. Qb4 Qf6 31. Be2 Rxc1+ 32. Rxc1 Nh7 33. Qd2 Qg6 34. Bd3 Nf6 35. Rc4 Qh5 36. Bb6 Nd7 37. Be2 Bg4 38. Bxg4 Qxg4 39. Kg2 Nxb6 40. axb6 Ra3 41. Qf2 f6 42. h3 Qg6 43. Rc8+ Kh7 44. Rc4 Rb3 45. g4 Qg5 46. Rc7 Rb4 47. Qf5+ Qxf5 48. exf5 Rxb6 49. Rd7 Kg8 50. h4 Rb5 51. Kg3 Rb3+ 52. Kg2 Rb2+ 53. Kg3 Rb3+ 1/2-1/2

[Event "RUS-chT2"]
[Site "Sochi"]
[Date "2019.05.03"]
[Round "3.2"]
[White "Potapov, Alexey"]
[Black "Cherednichenko, Dmitrij"]
[Result "1/2-1/2"]
[WhiteElo "2370"]
[BlackElo "2257"]
[PlyCount "87"]
[EventDate "2019.05.01"]
[EventType "team-swiss"]
[EventRounds "9"]
[EventCountry "RUS"]
[SourceTitle "CBM 190 Extra"]
[Source "ChessBase"]
[SourceDate "2019.07.15"]
[SourceVersion "1"]
[SourceVersionDate "2019.07.15"]
[SourceQuality "1"]
[WhiteTeam "Smolensk Metrum Group"]
[BlackTeam "Moscow BYCP"]
[WhiteTeamCountry "RUS"]
[BlackTeamCountry "RUS"]

1. d4 Nf6 2. c4 e6 3. Nc3 Bb4 4. e3 0-0 5. Nge2 b6 6. a3 Be7 7. e4 d6 8. f3 c5 9. d5 exd5 10. Nxd5 Nc6 11. Nxe7+ Qxe7 12. Nc3 h6 13. Be2 Nd4 14. Be3 Nxe2 15. Qxe2 Be6 16. Rd1 Nd7 17. Bf4 Ne5 18. Nd5 Bxd5 19. Rxd5 Rad8 20. 0-0 Ng6 21. Qd2 Nxf4 22. Qxf4 Rd7 23. Rfd1 Rfd8 24. h4 f6 25. h5 Qe6 26. Qd2 Kf8 27. Qc2 Kg8 28. Kf2 Kf8 29. g4 Kg8 30. Qa4 Qe7 31. Kg3 Kf8 32. R1d3 Kg8 33. Qa6 Kf8 34. Rb3 Re8 35. Qb5 Qd8 36. Qc6 Qe7 37. Rbd3 Red8 38. Qb5 Kf7 39. a4 Kf8 40. Rb3 Qe8 41. Qa6 Kf7 42. Re3 Re7 43. Qb5 Kf8 44. Red3 1/2-1/2

[Event "Chigorin Memorial 25th"]
[Site "St Petersburg"]
[Date "2017.10.26"]
[Round "6"]
[White "Cherednichenko, Dmitrij"]
[Black "Bryakin, Mikhail"]
[Result "0-1"]
[WhiteElo "2209"]
[BlackElo "2391"]
[PlyCount "120"]
[EventDate "2017.10.21"]
[EventType "swiss"]
[EventRounds "9"]
[EventCountry "RUS"]
[SourceTitle "CBM 181 Extra"]
[Source "ChessBase"]
[SourceDate "2017.12.12"]
[SourceVersion "1"]
[SourceVersionDate "2017.12.12"]
[SourceQuality "1"]

1. e4 c6 2. d4 d5 3. Nc3 dxe4 4. Nxe4 Bf5 5. Ng3 Bg6 6. h4 h6 7. Nf3 Nd7 8. h5 Bh7 9. Bd3 Bxd3 10. Qxd3 e6 11. Bd2 Ngf6 12. 0-0-0 Be7 13. Rhe1 0-0 14. Qe2 Qc7 15. Ne5 c5 16. Nxd7 Qxd7 17. dxc5 Qa4 18. Kb1 Bxc5 19. Bc3 Qf4 20. Bxf6 Qxf6 21. Ne4 Qe7 22. Qb5 b6 23. Rd7 Qh4 24. Nxc5 Qxh5 25. Rc7 Rfc8 26. Qc6 Qxc5 27. Qxc5 bxc5 28. Rb7 Rd8 29. Kc1 Rd5 30. Rd1 Rg5 31. g3 Rf5 32. Rd2 g5 33. Kd1 h5 34. Ke2 Kg7 35. Rd3 Kg6 36. Rf3 Re5+ 37. Re3 Rd5 38. Rf3 f6 39. Re7 Rd6 40. Rc7 Ra6 41. Rxc5 Rxa2 42. Rb3 Ra6 43. Rc7 Rh8 44. Kf3 h4 45. gxh4 Rxh4 46. Rbb7 Ra2 47. c4 Kf5 48. Ke3 a5 49. Rb5+ e5 50. Rb6 Re4+ 51. Kd3 Rf4 52. Ke3 Ra4 53. c5 Rae4+ 54. Kd3 Rf3+ 55. Kc2 Rxf2+ 56. Kd3 Rf3+ 57. Kd2 Rc4 58. b3 Rb4 59. Ra6 Rbxb3 60. c6 Rf2+ 0-1

[Event "Chigorin Memorial 25th"]
[Site "St Petersburg"]
[Date "2017.10.23"]
[Round "3"]
[White "Cherednichenko, Dmitrij"]
[Black "Ovod, Evgenija"]
[Result "0-1"]
[WhiteElo "2209"]
[BlackElo "2379"]
[PlyCount "42"]
[EventDate "2017.10.21"]
[EventType "swiss"]
[EventRounds "9"]
[EventCountry "RUS"]
[SourceTitle "CBM 181 Extra"]
[Source "ChessBase"]
[SourceDate "2017.12.12"]
[SourceVersion "1"]
[SourceVersionDate "2017.12.12"]
[SourceQuality "1"]

1. d4 e6 2. c4 b6 3. a3 Bb7 4. Nc3 f5 5. d5 Nf6 6. g3 g6 7. Bg2 Bg7 8. Nh3 0-0 9. 0-0 Na6 10. Rb1 exd5 11. Bg5 c6 12. cxd5 Nc7 13. Qb3 Kh8 14. Rfd1 Qe8 15. dxc6 Bxc6 16. Bf4 Ne6 17. Bd6 Rg8 18. Rd2 Qf7 19. Rbd1 Bxg2 20. Nf4 Bc6 21. Be5 Ng5 0-1

[Event "Voronezh op-A 21st"]
[Site "Voronezh"]
[Date "2017.06.21"]
[Round "9"]
[White "Grigoryeva, Olga A"]
[Black "Cherednichenko, Dmitrij"]
[Result "1/2-1/2"]
[WhiteElo "2204"]
[BlackElo "2242"]
[PlyCount "116"]
[EventDate "2017.06.12"]
[EventType "swiss"]
[EventRounds "9"]
[EventCountry "RUS"]
[SourceTitle "EXT 2018"]
[Source "ChessBase"]
[SourceDate "2017.10.13"]
[SourceVersion "1"]
[SourceVersionDate "2017.10.13"]
[SourceQuality "1"]

1. c4 e5 2. Nc3 Nf6 3. g3 Nc6 4. Bg2 Bc5 5. d3 0-0 6. Nf3 Re8 7. 0-0 h6 8. e4 a5 9. h3 d6 10. Qe2 a4 11. Be3 Be6 12. Kh2 Nd7 13. Rad1 Qb8 14. Nd5 b5 15. cxb5 Bxd5 16. bxc6 Bxc6 17. Nh4 Qd8 18. Nf5 Qf6 19. Qc2 Bb5 20. Rfe1 Bb4 21. Rg1 c5 22. g4 Nf8 23. Qc1 Qe6 24. Bf3 f6 25. Bxh6 gxh6 26. Qxh6 Ra7 27. g5 Rh7 28. gxf6+ Kh8 29. Qg5 Nd7 30. Bh5 Nxf6 31. Bxe8 Bxe8 32. Rg3 Nh5 33. Rg4 Nf4 34. Rh4 Qg6 35. Rxh7+ Kxh7 36. Qxg6+ Bxg6 37. Nxd6 Bh5 38. Rg1 Nxd3 39. Nc4 Be1 40. Rg5 Kh6 41. Rg3 Be2 42. b3 axb3 43. axb3 Bxf2 44. Rg2 Bf1 45. Nxe5 Bd4 46. Nxd3 Bxd3 47. Kg3 Bxe4 48. Rd2 Kg5 49. h4+ Kf5 50. h5 Ke5 51. Re2 Kd5 52. Rd2 Kc6 53. Kf4 Bh7 54. h6 Kb5 55. Re2 Kb4 56. Re7 Bc2 57. Rb7+ Ka3 58. h7 Bxb3 1/2-1/2

[Event "Voronezh op-A 21st"]
[Site "Voronezh"]
[Date "2017.06.16"]
[Round "5"]
[White "Protopopova, Anastasiya"]
[Black "Cherednichenko, Dmitrij"]
[Result "1-0"]
[WhiteElo "2123"]
[BlackElo "2242"]
[PlyCount "65"]
[EventDate "2017.06.12"]
[EventType "swiss"]
[EventRounds "9"]
[EventCountry "RUS"]
[SourceTitle "EXT 2018"]
[Source "ChessBase"]
[SourceDate "2017.10.13"]
[SourceVersion "1"]
[SourceVersionDate "2017.10.13"]
[SourceQuality "1"]

1. d4 d5 2. Nf3 e6 3. c4 c6 4. Qc2 Nf6 5. e3 Nbd7 6. Nc3 Bd6 7. Bd3 0-0 8. 0-0 dxc4 9. Bxc4 b5 10. Bd3 Bb7 11. e4 e5 12. dxe5 Nxe5 13. Nxe5 Bxe5 14. h3 a6 15. Be3 Nh5 16. Ne2 g6 17. Rad1 Qa5 18. f4 Bc7 19. b4 Qxb4 20. Bc5 Qa5 21. Bxf8 Rxf8 22. e5 c5 23. Kh2 c4 24. Be4 Bxe4 25. Qxe4 Ng7 26. Rd7 Bb6 27. Ng3 Qxa2 28. Qc6 Bf2 29. Ne4 Bh4 30. Nd6 Qe2 31. Rxf7 Qxf1 32. Rxf8+ Kxf8 33. Qc8+ 1-0

[Event "EU-ch 18th"]
[Site "Minsk"]
[Date "2017.05.30"]
[Round "1"]
[White "Can, Emre"]
[Black "Cherednichenko, Dmitrij"]
[Result "1/2-1/2"]
[WhiteElo "2589"]
[BlackElo "2278"]
[PlyCount "66"]
[EventDate "2017.05.30"]
[EventType "swiss"]
[EventRounds "11"]
[EventCountry "BLR"]
[SourceTitle "CBM 179"]
[Source "ChessBase"]
[SourceDate "2017.07.12"]
[SourceVersion "1"]
[SourceVersionDate "2017.07.12"]
[SourceQuality "1"]

1. d4 d5 2. c4 e6 3. Nf3 c6 4. Nbd2 Nf6 5. g3 Be7 6. Bg2 0-0 7. 0-0 b6 8. Qc2 Bb7 9. e4 Na6 10. a3 c5 11. exd5 exd5 12. Rd1 Rc8 13. dxc5 Nxc5 14. b4 Nce4 15. Bb2 Nd6 16. Ng5 h6 17. Bxf6 hxg5 18. Be5 Bf6 19. Bxd6 Qxd6 20. Ne4 Qe7 21. Nxf6+ Qxf6 22. Qa4 Rxc4 23. Qxa7 Rc2 24. Rf1 Rc7 25. Rac1 Re7 26. Qa4 Ra8 27. Qb3 d4 28. Bxb7 Rxb7 29. Qd5 Rbb8 30. Rc6 Rd8 31. Qe4 Re8 32. Rxf6 Rxe4 33. Rxb6 Rxa3 1/2-1/2

[Event "Voronezh IM"]
[Site "Voronezh"]
[Date "2017.02.11"]
[Round "5"]
[White "Cherednichenko, Dmitrij"]
[Black "Ioffe, Ilya"]
[Result "1/2-1/2"]
[WhiteElo "2302"]
[BlackElo "2280"]
[PlyCount "81"]
[EventDate "2017.02.07"]
[EventType "tourn"]
[EventRounds "9"]
[EventCountry "RUS"]
[EventCategory "5"]
[SourceTitle "CBM 176 Extra"]
[Source "ChessBase"]
[SourceDate "2017.03.02"]
[SourceVersion "1"]
[SourceVersionDate "2017.03.02"]
[SourceQuality "1"]

1. d4 d5 2. c4 c6 3. Nc3 Nf6 4. Nf3 dxc4 5. a4 Bf5 6. e3 e6 7. Bxc4 Bb4 8. 0-0 Nbd7 9. Qe2 Bg6 10. Rd1 0-0 11. Ne5 Nxe5 12. dxe5 Nd7 13. f4 Qe7 14. Bd2 Rfd8 15. Be1 Nc5 16. h3 Rxd1 17. Nxd1 a5 18. Nf2 Rd8 19. Bxb4 axb4 20. Qe1 Ne4 21. Nxe4 Bxe4 22. Rd1 c5 23. Rd2 h6 24. Qd1 Rxd2 25. Qxd2 Qc7 26. Kf2 b6 27. b3 Qc6 28. Qd8+ Kh7 29. Qe7 Qb7 30. Qxb7 Bxb7 31. Bd3+ Kg8 32. e4 Kf8 33. Ke3 Ke7 34. g3 Kd8 35. Bc4 Ke7 36. h4 Bc6 37. f5 Bd7 38. Kf4 Bc6 39. g4 Bb7 40. Ke3 Bc6 41. Kf4 1/2-1/2

[Event "Voronezh IM"]
[Site "Voronezh"]
[Date "2017.02.10"]
[Round "4"]
[White "Aminov, Andrey"]
[Black "Cherednichenko, Dmitrij"]
[Result "1-0"]
[WhiteElo "2319"]
[BlackElo "2302"]
[PlyCount "53"]
[EventDate "2017.02.07"]
[EventType "tourn"]
[EventRounds "9"]
[EventCountry "RUS"]
[EventCategory "5"]
[SourceTitle "CBM 176 Extra"]
[Source "ChessBase"]
[SourceDate "2017.03.02"]
[SourceVersion "1"]
[SourceVersionDate "2017.03.02"]
[SourceQuality "1"]

1. Nf3 f5 2. d3 d5 3. g3 Nf6 4. Bg2 e6 5. 0-0 Bd6 6. Nbd2 e5 7. c4 c6 8. e4 fxe4 9. dxe4 d4 10. Ne1 c5 11. h3 Nc6 12. Nd3 Be6 13. f4 h5 14. b3 Qc7 15. Qe2 0-0-0 16. Nf3 Nd7 17. Bd2 Rdf8 18. f5 Bg8 19. Nh4 Bf7 20. Rf2 Be7 21. Nf3 g6 22. fxg6 Bxg6 23. Raf1 Qd6 24. h4 Kb8 25. Bh3 Bf6 26. Bxd7 Qxd7 27. Nfxe5 1-0

[Event "Voronezh IM"]
[Site "Voronezh"]
[Date "2017.02.09"]
[Round "3"]
[White "Cherednichenko, Dmitrij"]
[Black "Rodin, Dmitrij"]
[Result "0-1"]
[WhiteElo "2302"]
[BlackElo "2377"]
[PlyCount "162"]
[EventDate "2017.02.07"]
[EventType "tourn"]
[EventRounds "9"]
[EventCountry "RUS"]
[EventCategory "5"]
[SourceTitle "CBM 176 Extra"]
[Source "ChessBase"]
[SourceDate "2017.03.02"]
[SourceVersion "1"]
[SourceVersionDate "2017.03.02"]
[SourceQuality "1"]

1. d4 Nf6 2. c4 e6 3. Nc3 Bb4 4. e3 0-0 5. Nge2 c6 6. a3 Ba5 7. b4 Bc7 8. e4 d6 9. Ng3 e5 10. d5 Bb6 11. Be2 Bd4 12. Bb2 a5 13. 0-0 Na6 14. Qb3 Bd7 15. Na4 b5 16. cxb5 cxb5 17. Nc3 Qb6 18. Bf3 axb4 19. axb4 Qb7 20. Nge2 Bb6 21. Rfc1 Rfc8 22. Nd1 Rxc1 23. Rxc1 Rc8 24. h3 h6 25. Kh2 Rc7 26. Rxc7 Nxc7 27. Bc1 Kf8 28. Be3 Ke7 29. Nc1 Na8 30. Nd3 Qc7 31. Qa3 Bxe3 32. Nxe3 Nb6 33. Qa5 g6 34. Ng4 Nxe4 35. Bxe4 f5 36. Bf3 fxg4 37. hxg4 g5 38. Be4 Qc4 39. f3 Nxd5 40. Qa8 Nf6 41. Nf2 d5 42. Bg6 Qxb4 43. Qh8 Qf4+ 44. Kg1 e4 45. fxe4 dxe4 46. Bxe4 Nxg4 47. Nxg4 Bxg4 48. Qg7+ Kd6 49. Qd4+ Ke7 50. Qg7+ Ke6 51. Qg8+ Kf6 52. Qd8+ Kg7 53. Qe7+ Qf7 54. Qe5+ Qf6 55. Qc7+ Kf8 56. Qc5+ Qe7 57. Qf2+ Kg8 58. Qd4 Be6 59. Qe5 b4 60. Bc2 Kf7 61. Qe4 Qc5+ 62. Kh1 Qc3 63. Qh7+ Qg7 64. Qe4 Qa1+ 65. Kh2 Qc3 66. Qh7+ Qg7 67. Qe4 Qf8 68. Qh7+ Kf6 69. Qd3 Qb8+ 70. Kh1 Qf4 71. Kg1 Ke5 72. Qe2+ Kd6 73. Qa6+ Ke7 74. Qd3 h5 75. Kh1 h4 76. Qh7+ Kd6 77. Qd3+ Kc5 78. Ba4 Bc4 79. Qh3 Bd5 80. Qc8+ Kd4 81. Qh8+ Qe5 0-1

[Event "World School-ch U17 12th"]
[Site "Sochi"]
[Date "2016.12.06"]
[Round "4"]
[White "Atabayev, Saparmyrat"]
[Black "Cherednichenko, Dmitrij"]
[Result "1/2-1/2"]
[WhiteElo "2414"]
[BlackElo "2275"]
[PlyCount "110"]
[EventDate "2016.12.03"]
[EventType "swiss"]
[EventRounds "9"]
[EventCountry "RUS"]
[SourceTitle "CBM 176 Extra"]
[Source "ChessBase"]
[SourceDate "2017.03.02"]
[SourceVersion "1"]
[SourceVersionDate "2017.03.02"]
[SourceQuality "1"]

1. e4 c5 2. Nf3 e6 3. d4 cxd4 4. Nxd4 Nf6 5. Nc3 d6 6. Be3 Be7 7. f4 0-0 8. Qf3 Nc6 9. 0-0-0 Bd7 10. Rg1 Nxd4 11. Bxd4 Bc6 12. g4 Qa5 13. g5 Nd7 14. a3 b5 15. Nd5 Bxd5 16. exd5 e5 17. Bc3 Qa4 18. Bh3 Rfd8 19. Bxd7 Rxd7 20. fxe5 dxe5 21. Rg4 Qa6 22. Qf5 Rad8 23. Qxe5 Bf8 24. Kb1 Qb6 25. Qf5 Qg6 26. Qxg6 hxg6 27. Rgd4 Bd6 28. R4d3 Re8 29. h3 Re4 30. Ka2 Kf8 31. Kb3 a6 32. Rg1 Rc7 33. Bb4 Ke7 34. Bc3 Kf8 35. Rf1 Rd7 36. Re1 Rde7 37. Rdd1 Re3 38. Rxe3 Rxe3 39. h4 f5 40. gxf6 gxf6 41. Re1 Rxe1 42. Bxe1 Kf7 43. c4 g5 44. hxg5 fxg5 45. a4 bxc4+ 46. Kxc4 g4 47. b4 g3 48. b5 axb5+ 49. Kxb5 Ke8 50. Kc6 g2 51. Bf2 Bh2 52. Bb6 g1Q 53. Bxg1 Bxg1 54. Kc7 Bh2+ 55. d6 Bxd6+ 1/2-1/2

[Event "World School-ch U17 12th"]
[Site "Sochi"]
[Date "2016.12.03"]
[Round "1"]
[White "Isgandarov, Shahriyar"]
[Black "Cherednichenko, Dmitrij"]
[Result "0-1"]
[WhiteElo "1899"]
[BlackElo "2275"]
[PlyCount "120"]
[EventDate "2016.12.03"]
[EventType "swiss"]
[EventRounds "9"]
[EventCountry "RUS"]
[SourceTitle "CBM 176 Extra"]
[Source "ChessBase"]
[SourceDate "2017.03.02"]
[SourceVersion "1"]
[SourceVersionDate "2017.03.02"]
[SourceQuality "1"]

1. e4 e6 2. d4 d5 3. Nd2 Nc6 4. c3 e5 5. Ngf3 exd4 6. Nxd4 Nxd4 7. cxd4 dxe4 8. Nxe4 Qe7 9. Qe2 Bd7 10. Nc3 0-0-0 11. Qxe7 Nxe7 12. Bc4 Bc6 13. Bxf7 Bxg2 14. Rg1 Bc6 15. Be3 Nf5 16. 0-0-0 Bd6 17. h3 Bd7 18. Ne4 Rhf8 19. Nxd6+ Nxd6 20. Bh5 g6 21. Bg4 Rde8 22. Rde1 Bf5 23. Bh6 Rxe1+ 24. Rxe1 Rf7 25. f3 Kd7 26. Kd2 Bxg4 27. fxg4 Rf2+ 28. Kc1 Rf3 29. Re3 Rxe3 30. Bxe3 c6 31. Kc2 Ke6 32. Kd3 Kd5 33. b3 Nf7 34. Bf4 Nd8 35. Bg5 Ne6 36. Be3 g5 37. Bd2 h6 38. Be3 b6 39. a3 a6 40. Kc3 Ke4 41. d5 cxd5 42. Bxb6 d4+ 43. Kc4 d3 44. Kc3 Nf4 45. Kd2 Nxh3 46. b4 Nf4 47. a4 Kf3 48. b5 axb5 49. axb5 Kxg4 50. Bd8 Ne6 51. Be7 Nd4 52. b6 Nc6 53. b7 Kf3 54. Kxd3 g4 55. Bd6 g3 56. b8Q Nxb8 57. Bxb8 h5 58. Kd2 Kf2 59. Ba7+ Kg2 60. Ke3 h4 0-1

[Event "Chigorin Memorial 24th"]
[Site "St Petersburg"]
[Date "2016.10.15"]
[Round "1"]
[White "Smorodkin, Kirill"]
[Black "Cherednichenko, Dmitrij"]
[Result "0-1"]
[WhiteElo "1627"]
[BlackElo "2231"]
[PlyCount "101"]
[EventDate "2016.10.15"]
[EventType "swiss"]
[EventRounds "9"]
[EventCountry "RUS"]
[SourceTitle "CBM 175 Extra"]
[Source "ChessBase"]
[SourceDate "2016.12.12"]
[SourceVersion "1"]
[SourceVersionDate "2016.12.12"]
[SourceQuality "1"]

1. e4 e6 2. d4 d5 3. exd5 exd5 4. c4 Nf6 5. Nf3 Bb4+ 6. Nc3 0-0 7. Bd3 dxc4 8. Bxc4 Bg4 9. 0-0 c6 10. Be3 Nbd7 11. h3 Bh5 12. a3 Bd6 13. Bb3 Nb6 14. Bg5 h6 15. Bh4 Be7 16. Re1 Nfd5 17. Bxe7 Nxe7 18. Re5 g5 19. Ne4 Nd7 20. Qd3 Bg6 21. Re1 Nxe5 22. Nxe5 Kg7 23. Nxg6 Nxg6 24. Nc5 Re8 25. Rxe8 Qxe8 26. Qf5 Qe1+ 27. Kh2 Qe7 28. g3 b6 29. Ne4 Rd8 30. d5 cxd5 31. Bxd5 Ne5 32. Ba2 Rd4 33. Nc3 Qf6 34. Qxf6+ Kxf6 35. Kg2 Ke7 36. Nd5+ Kd6 37. Nc3 a6 38. Kf1 Nc4 39. Bxc4 Rxc4 40. Ke2 Ke5 41. Kd3 Rd4+ 42. Ke3 f5 43. f3 f4+ 44. gxf4+ Rxf4 45. Ne4 Rxe4+ 46. fxe4 h5 47. Kf3 g4+ 48. hxg4 hxg4+ 49. Kxg4 Kxe4 50. a4 a5 51. Kg3 0-1

[Event "Voronezh op-A 20th"]
[Site "Voronezh"]
[Date "2016.06.19"]
[Round "8"]
[White "Cherednichenko, Dmitrij"]
[Black "Dimitrova, Aleksandra"]
[Result "0-1"]
[WhiteElo "2268"]
[BlackElo "2124"]
[PlyCount "78"]
[EventDate "2016.06.12"]
[EventType "swiss"]
[EventRounds "9"]
[EventCountry "RUS"]
[SourceTitle "EXT 2019"]
[Source "ChessBase"]
[SourceDate "2018.10.10"]
[SourceVersion "1"]
[SourceVersionDate "2018.10.10"]
[SourceQuality "1"]

1. e4 c5 2. c3 Nf6 3. e5 Nd5 4. Bc4 Nb6 5. Bb3 d5 6. exd6 Qxd6 7. Nf3 g6 8. 0-0 Nc6 9. Na3 a6 10. Ng5 e6 11. d3 Be7 12. Ne4 Qc7 13. Bh6 Bd7 14. Qf3 f5 15. Ng5 Bxg5 16. Bxg5 h6 17. Qh3 Qe5 18. Bd2 0-0-0 19. f4 Qd6 20. Rad1 g5 21. Kh1 e5 22. fxe5 Nxe5 23. d4 Ng4 24. Bc2 f4 25. Qf3 Nf6 26. dxc5 Qxc5 27. b4 Qc7 28. c4 Bg4 29. Qc3 Bxd1 30. Rxd1 Rhf8 31. b5 Ng4 32. Qh3 h5 33. bxa6 bxa6 34. Ba5 Qc5 35. Bxb6 Qxb6 36. Rb1 Qe3 37. Qf3 Qxf3 38. gxf3 Ne3 39. Bg6 Rd2 0-1